00560 2200217 4500001002100000005001500021035002000036007000300056008004100059020002200100082001200122084001800134100001900152245005800171250001500229260003400244300002500278700001700303600001000320990001200330INLIS00000000000000120230626112657 a0010-0623000001ta230626 0  a978-602-255-103-4 a899.221 a899.221 END c0 aEndik Koeswoyo1 aCatatan Kaki :bLove Changes People /cEndik Koeswoyo aed 1 cet 1 aYogyakarta :bde Teens,c2013 a226 :bilus ;c25 cm0 aSarah Karind 4aNovel a17.0001